000 00681nam a2200181Ia 4500
008 100921s9999 xx 000 0 und d
082 _b29667
_a891.463 थ 97
100 _aखांडेकर वि.स.
245 _aरिकामा देव्हारा.
260 _bदेशमुख आणि कंपनी,पुणे.
_c1997
300 _a176
_bग्रंथायन,कोल्हापूर.
365 _b90
520 _aललित-कादंबरी.
630 _aरिकामा देव्हारा.
650 _aललित-कादंबरी.
730 _aरिकामा देव्हारा.
942 _cBOOK
999 _c778780
_d778777